000 00698nam a2200193 i 4500
001 21661
003 ES-MaACL
005 20250918195049.0
007 t|
008 021127s1911 fr ||||1| fre d
100 1 _aAlbin, Pierre.
_919381
245 1 4 _aLes grands traités politiques
_b: recueil des principaux textes diplomatiques de puis 1815 jusqu'à nos jours avec des commentaires et des notes /
_cpar Pierre Albin ; préface de Maurice Herbette.
260 _aParís :
_bF. Alcan,
_c1911.
300 _aXI, 570 p. ;
_c23 cm.
650 _aRelaciones internacionales.
_916783
700 1 _aHerbette, Maurice,
_d1871-...
_9154462
852 _aES-MaACL
_jG-7165
999 _c21661
_d21661